Zahraničných investorov viac láka politická stabilita ako daňové prázdniny

Značná podkapitalizácia slovenských firiem. Získavanie nižšie úročených úverov zo zahraničia, narastanie zahraničnej zadlženosti. Prílev priamych zahraničných investícií ako východisko z daných problémov. Zahraniční investori kladú väčší dôraz na politickú stabilitu ako na daňové prázdniny. Opatreni...

Description complète

Enregistré dans:
Détails bibliographiques
Auteur principal: Švec, Peter
Format: Livre
Langue:slovaque
Sujets:
Tags: Ajouter un tag
Pas de tags, Soyez le premier à ajouter un tag!

MARC

LEADER 00000nam a2200000 4500
001 r030964
005 20230921083306.4
041 0 |a slo 
044 |a SK 
245 1 0 |a Zahraničných investorov viac láka politická stabilita ako daňové prázdniny  |c Peter Švec 
520 |a Značná podkapitalizácia slovenských firiem. Získavanie nižšie úročených úverov zo zahraničia, narastanie zahraničnej zadlženosti. Prílev priamych zahraničných investícií ako východisko z daných problémov. Zahraniční investori kladú väčší dôraz na politickú stabilitu ako na daňové prázdniny. Opatrenia slovenskej vlády na prilákanie zahraničného kapitálu. 
610 2 0 |a investície zahraničné 
610 2 0 |a investície zo zahraničia 
610 2 0 |a kapitál zahraničný 
610 2 0 |a úver zahraničný 
610 2 0 |a zadlženosť zahraničná 
610 2 0 |a stabilita politická 
610 2 0 |a zvýhodnenie daňové 
610 2 0 |a Slovensko 
610 2 0 |a investície priame zahraničné 
100 1 |a Švec, Peter